|
|
|
|
| LEADER |
00000nam2a2200000 4500 |
| 001 |
677320 |
| 005 |
20250113161029.0 |
| 035 |
|
|
|a (RuTPU)RU\TPU\book\136476
|
| 090 |
|
|
|a 677320
|
| 100 |
|
|
|a 20241210d1961 k y0rusy50 ca
|
| 101 |
0 |
|
|a rus
|
| 102 |
|
|
|a RU
|
| 105 |
|
|
|a a z 001zy
|
| 181 |
|
0 |
|a i
|b e
|
| 182 |
|
0 |
|a n
|
| 183 |
|
0 |
|a nc
|2 RDAcarrier
|
| 200 |
0 |
|
|a Вып. 12
|e [сборник статей]
|f отв. ред. Л. И. Барон
|
| 203 |
|
|
|a Текст
|b визуальный
|c непосредственный
|
| 210 |
|
|
|d 1961
|
| 215 |
|
|
|a 244 с.
|c ил.
|
| 283 |
|
0 |
|a volume
|2 RDAcarrier
|
| 320 |
|
|
|a Библиогр. в конце ст.
|
| 461 |
1 |
|
|0 677189
|9 677189
|t Научные сообщения
|o [сборник статей]
|f Академия наук СССР (АН СССР), Институт горного дела им. А. А. Скочинского (ИГД)
|g отв. ред. Л. И. Барон
|c Москва
|n Недра
|n Госгортехиздат
|d 1959-1988
|v Вып. 12
|
| 606 |
1 |
|
|a Горное дело
|9 35173
|
| 610 |
1 |
|
|a системы разработки
|
| 610 |
1 |
|
|a бурошнековый способ
|
| 610 |
1 |
|
|a подземные разработки
|
| 610 |
1 |
|
|a массовое обрушение
|
| 610 |
1 |
|
|a гидравлический метод
|
| 610 |
1 |
|
|a блоковая система
|
| 610 |
1 |
|
|a горное давление
|
| 610 |
1 |
|
|a шахтная крепь
|
| 610 |
1 |
|
|a замораживание
|
| 610 |
1 |
|
|a взрывные работы
|
| 610 |
1 |
|
|a резцы
|
| 610 |
1 |
|
|a исполнительный орган
|
| 610 |
1 |
|
|a шахтные вентиляторы
|
| 610 |
1 |
|
|a сцепной вес
|
| 610 |
1 |
|
|a электровозы
|
| 610 |
1 |
|
|a турбомуфты
|
| 675 |
|
|
|a 622
|v 3
|
| 702 |
|
1 |
|a Барон
|b Л. И.
|g Лазарь Израилевич
|4 340
|
| 801 |
|
1 |
|a RU
|b 63413507
|c 20241210
|g PSBO
|
| 801 |
|
2 |
|a RU
|b 63413507
|c 20241210
|g PSBO
|
| 942 |
|
|
|c CR
|